My Little Pony - This Day Aria - Lyrics Quiz - Statistics

General Stats
  • This quiz has been taken 258 times
  • The average score is 211 of 246
Answer Stats
Character Lyrics % Correct
day
100%
day"
100%
Queen Chrysalis This
100%
[evil laugh]
100%
I
100%
"I
100%
Princess Cadance This
100%
be
99%
be...
99%
is
99%
The
99%
the
99%
going
98%
perfect
98%
small
98%
to
98%
To
98%
was
98%
a
97%
of
97%
dreamed
96%
kind
96%
since
96%
all!
95%
all
95%
all...
95%
All
95%
in
95%
In
95%
love
95%
love,
95%
my
95%
My
95%
do
93%
Princess Cadance We
93%
we
93%
for
92%
for,
92%
For
92%
cake
91%
he
91%
No
91%
no
91%
not
91%
Not
91%
will
91%
that
90%
That
90%
wedding
90%
at
89%
care
89%
don't
89%
mine
89%
Queen Chrysalis mine,
89%
mine.
89%
which
89%
But
88%
groom
88%
me
88%
Say
88%
say
88%
any
87%
there
87%
won't
87%
heart
86%
him
86%
partake
86%
they
86%
friends
85%
want
85%
about
84%
dress
84%
gather
84%
lying
84%
when
84%
I'll
83%
I've
83%
room
83%
us
83%
celebrate
82%
'round
82%
oh
81%
Oh,
81%
could
80%
gown
80%
have
80%
less
80%
look
80%
lovely
80%
still
80%
truth
80%
Everypony
79%
Armor,
78%
Armor
78%
bells,
78%
ring
78%
Shining
78%
so
78%
them
78%
together
78%
weather
78%
With
78%
fooled
77%
having
77%
instead
77%
know
77%
Vows,
77%
What
76%
may
75%
through
73%
soon
70%
very
70%
does
66%
one
66%
save
65%
if
64%
consume
63%
must
63%
and
61%
late
59%
lose
59%
thoughts
59%
use
59%
cherish
58%
too
58%
way
58%
who
58%
escape
57%
Find
57%
Hope,
57%
well
57%
before
56%
it's
56%
make
56%
each
55%
wants
55%
arrived
53%
bride
52%
has
52%
lucky
51%
moment
51%
Queen Chrysalis Finally
49%
end
48%
fake
48%
fear
48%
marrying
48%
up
47%
He'll
45%
No matching quizzes found
Score Distribution
Percent of People with Each Score
Percentile by Number Answered
Your Score History
You have not taken this quiz